Fußball Begriffe #1 - Statistiken

Allgemein
  • Dieses Quiz wurde 248 mal gespielt
  • Das Durchschnittsergebnis liegt bei 13 aus 15
Antwortstatistiken
Wie nennt man… Begriff % Korrekt
Wenn der Schiedsrichter einen Spieler vom Feld schickt zeigt er die… Rote Karte
99%
Es, dass der Stürmer beim Pass dem Tor näher stehen muss als der Verteidiger? Abseits
97%
Die Mettallstange zwischen den beiden Pfosten? Latte
97%
Ein unfaires Vortäuschen eines Fouls? Schwalbe
93%
Ein Spieler der 3 Tore in einer Spielhälfte erzielt ohne, dass dazwischen ein anderer Spieler ein Tor erzielt schießt einen… Lupenreiner Hattrick
92%
Welche Position hat meist der Spieler mit der Nummer 9 Stürmer
89%
Den höchsten internationalen europäischen Vereinswettbewerb Champions League
88%
Ein Spiel zweier (meist verfeindeten) Mannschaften aus einer Region oder Stadt? Derby
88%
Einen Pass mit einem Mitspieler der diesen sofort zurückspielt? Doppelpass
87%
Wenn ein KO-Spiel nach 90 Minuten nicht entschieden ist geht es in die… Verlängerung
87%
Einen schnellen Angriff nach einem Ballgewinn? Konter
85%
Eine Spektakuläre Schussvariante bei der der Schütze mit dem Rücken zum Tor steht und den hoch anfliegenden Ball volley aus der Luft nimmt? Fallrückzieher
84%
Das Goße Rechteck vor dem Tor mit einem Punkt und einem kleinen Rechteck drinnen? Strafraum
84%
Einen Regelverstoß? Foul
83%
Einen Übergangstrainer der nur kurzfristig die Trainerstelle übernimmt? Interimstrainer
73%
Keine übereinstimmenden Quizze gefunden
Verteilung der Resultate
Anzahl Personen mit jedem Resultat
Perzentil nach korrekt beantworteten Fragen
Ihre Resultats-Entwicklung
Sie haben dieses Quiz noch nicht gespielt